| 000 -LEADER |
| fixed length control field |
00592cam a22001337a 4500 |
| 008 - FIXED-LENGTH DATA ELEMENTS--GENERAL INFORMATION |
| fixed length control field |
180718b1991 xxu||||| |||| 00| 0 eng d |
| 082 ## - DEWEY DECIMAL CLASSIFICATION NUMBER |
| Classification number |
B73x54 M687r |
| 245 ## - TITLE STATEMENT |
| Title |
Review of panchayati raj acts in the context of proposed constitutional amendments bill (Andhra Pradesh, Bihar, Gujarat, Haryana, Karnataka, Madhya Pradesh, Uttar Pradesh and West Bengal) |
| Statement of responsibility, etc. |
by S.N. Mishra...[et.al.] |
| 260 ## - PUBLICATION, DISTRIBUTION, ETC. |
| Place of publication, distribution, etc. |
New Delhi |
| Name of publisher, distributor, etc. |
Indian Institute of Public Administration |
| Date of publication, distribution, etc. |
1991 |
| 300 ## - PHYSICAL DESCRIPTION |
| Extent |
286p. |
| 650 ## - SUBJECT ADDED ENTRY--TOPICAL TERM |
| Topical term or geographic name entry element |
India - Constitutional law, state - Amendments |
| 650 ## - SUBJECT ADDED ENTRY--TOPICAL TERM |
| Topical term or geographic name entry element |
Panchayat - India |
| 700 ## - ADDED ENTRY--PERSONAL NAME |
| Personal name |
Mishra, S.N. |